Vista normal Vista MARC

Entrada Topical Term

Número de registros utilizados en: 1

001 - CONTROL NUMBER

  • control field: 17019

003 - CONTROL NUMBER IDENTIFIER

  • control field: OSt

005 - DATE AND TIME OF LATEST TRANSACTION

  • control field: 20210310221146.0

008 - FIXED-LENGTH DATA ELEMENTS

  • fixed length control field: 210310|| aca||aabn | a|a d

040 ## - CATALOGING SOURCE

  • Original cataloging agency: OSt
  • Transcribing agency: OSt

150 ## - HEADING--TOPICAL TERM

  • Topical term or geographic name entry element: #N/A

670 ## - SOURCE DATA FOUND

  • Source citation: Work cat.: (OSt): Manuel Ramirez, Alvaro Reyes, Diego Sandoval 17017, Ajuste economico y empleo en colombia, ecuador y venezuela, frente a la crisis financiera internacional , 2000